|
|
|
|
| LEADER |
01048nam a22003132a 4500 |
| 001 |
001394409 |
| 003 |
CZ BrMZK |
| 005 |
20140729133902.0 |
| 007 |
ta |
| 008 |
140615s1961 xr er|||||||||||eng d |
| 015 |
|
|
|a cnb000100542
|
| 020 |
|
|
|c Kč 6,10
|
| 035 |
|
|
|a (OCoLC)85200586
|
| 040 |
|
|
|a ABA001
|b cze
|c OSA001
|d ABA001
|d LIA001
|d BOA001
|
| 080 |
9 |
|
|a 631.5
|2 MRF-sel
|
| 080 |
9 |
|
|a 633
|2 MRF-sel
|
| 245 |
0 |
0 |
|a Index seminum Institutorum Academiae bohemoslovenicae scientiarum agriculturae
|
| 250 |
|
|
|a 1. vyd.
|
| 260 |
|
|
|a Praha :
|b Výzkumný ústav rostlinné výroby,
|c 1961
|
| 300 |
|
|
|a 108 s. ;
|c 8°
|
| 490 |
1 |
|
|a Zemědělská výroba
|
| 500 |
|
|
|a 2000 výt.
|
| 550 |
|
|
|a Vydavatel: Ústřední výzkumný ústav rostlinné výroby Praha-Ruzyně
|
| 710 |
2 |
|
|a Ústřední výzkumný ústav rostlinné výroby
|7 ko20010093937
|
| 830 |
|
0 |
|a Zemědělská výroba
|
| 910 |
|
|
|a BOA001
|b 2-0456.451
|
| 990 |
|
|
|a BK
|
| 991 |
|
|
|b 201406
|
| 996 |
6 |
|
|b 2619081401
|c 2-0456.451
|l MZK
|r Sklad / do 24 hodin
|n 0
|w 001429489
|u 000010
|a 1
|e BOA001
|j MZK50
|s P
|